Canadian trade index 2013 edition.
| Format: | Book |
|---|---|
| Published: |
Ontario:
Owen Media Partness,
2013.
|
| Edition: | 2013 ed.. |
| Subjects: |
| LEADER | 00479cam a2200157 7i4500 | ||
|---|---|---|---|
| 001 | 0000031666 | ||
| 005 | 20140917090000.0 | ||
| 020 | 0 | 0 | |a 9781926877068 |
| 090 | 0 | 0 | |a CAND 380.102571 |b CAN |
| 245 | 0 | 0 | |a Canadian trade index 2013 edition. |
| 250 | 0 | 0 | |a 2013 ed.. |
| 260 | 0 | 0 | |a Ontario: |b Owen Media Partness, |c 2013. |
| 300 | # | # | |a 1386 p. |
| 650 | 0 | 0 | |a Manufacturing Industires -- |x Directories -- |z Canada |
| 651 | 0 | 0 | |a Canada |
| 999 | |a B000034597 |b Directories |c Countries |e Business Information Centre | ||


